Detalles MARC
| 000 -CABECERA |
| campo de control de longitud fija |
01040nam a2200205 a 4500 |
| 001 - NÚMERO DE CONTROL |
| campo de control |
000025570 |
| 005 - FECHA Y HORA DE LA ÚLTIMA TRANSACCIÓN |
| campo de control |
20200930023902.0 |
| 008 - DATOS DE LONGITUD FIJA--INFORMACIÓN GENERAL |
| campo de control de longitud fija |
110217s1972 sp r 000 0 spa d |
| 040 ## - FUENTE DE LA CATALOGACIÓN |
| Centro catalogador/agencia de origen |
DO-SdBNP |
| Lengua de catalogación |
spa |
| Centro/agencia transcriptor |
BNPHU |
| 082 ## - NÚMERO DE LA CLASIFICACIÓN DECIMAL DEWEY |
| Número de clasificación |
NNN |
| Número de documento/Ítem |
H673 |
| 049 ## - FONDOS LOCALES (OCLC) |
| Fondos de biblioteca |
BNGR |
| 245 01 - MENCIÓN DE TÍTULO |
| Título |
Historia del viejo oeste / |
| Mención de responsabilidad, etc. |
traducción, selección y prólogo Juan Tébar. |
| 260 ## - PUBLICACIÓN, DISTRIBUCIÓN, ETC. |
| Lugar de publicación, distribución, etc. |
Madrid : |
| Nombre del editor, distribuidor, etc. |
Doncel, |
| Fecha de publicación, distribución, etc. |
1972. |
| 300 ## - DESCRIPCIÓN FÍSICA |
| Extensión |
249, [6] p. ; |
| Dimensiones |
18 cm. |
| 490 1# - MENCIÓN DE SERIE |
| Mención de serie |
Libro joven de bolsillo |
| Designación de volumen o secuencia |
33 |
| 500 ## - NOTA GENERAL |
| Nota general |
Incluye referencias bibliográficas y notas al pie de las páginas |
| 505 0# - NOTA DE CONTENIDO CON FORMATO |
| Título |
Historia de un correo a caballo / |
| Mención de responsabilidad |
Charles Dickens. |
| Título |
Los expulsados de Poker Flat, |
| -- |
La tarjeta comercial de Dick Boyle / |
| Mención de responsabilidad |
Francis Bret Harte. |
| Título |
La historia del californiano / |
| Mención de responsabilidad |
Mark Twain. |
| Título |
El impostor, |
| -- |
Le último de los trovadores / |
| Mención de responsabilidad |
O' Henry. |
| Título |
La ley de la vida, |
| -- |
Un hombre digno de confianza, |
| -- |
La hoguera / |
| Mención de responsabilidad |
Jack London. |
| Título |
El hotel azul, |
| -- |
La novia llega a Yellow Sky / |
| Mención de responsabilidad |
Stephen Crane. |
| 700 1# - PUNTO DE ACCESO ADICIONAL--NOMBRE DE PERSONA |
| Nombre de persona |
Tébar, Juan |
| Término indicativo de función/relación |
pról. |
| 9 (RLIN) |
21391 |
| 830 #0 - PUNTO DE ACCESO ADICIONAL DE SERIE-TÍTULO UNIFORME |
| Título uniforme |
Libro joven de bolsillo ; |
| Designación de volumen o secuencia |
33 |
| 9 (RLIN) |
12847 |